[Event "GER-ch U16 Girls"]
[Site "Willingen"]
[Date "2018.05.26"]
[Round "9"]
[White "Koenze, Heike"]
[Black "Kobald, Jacqueline"]
[Result "0-1"]
[WhiteElo "1794"]
[BlackElo "1846"]
[PlyCount "118"]
[EventDate "2018.05.19"]
[EventType "swiss"]
[EventRounds "9"]
[EventCountry "GER"]
[SourceTitle "CBM 184 Extra"]
[Source "ChessBase"]
[SourceDate "2018.06.28"]
[SourceVersion "1"]
[SourceVersionDate "2018.06.28"]
[SourceQuality "1"]

1. e4 c5 2. Nf3 e6 3. d4 cxd4 4. Nxd4 Nc6 5. Nc3 a6 6. Be2 Qc7 7. f4 d6 8. Bf3 Bd7 9. Nb3 Nf6 10. Be3 b5 11. 0-0 Be7 12. Qe1 0-0 13. Qg3 Rac8 14. a3 Rfe8 15. Kh1 Qb8 16. Ne2 Bf8 17. Rfd1 b4 18. a4 e5 19. f5 Kh8 20. Bg5 Be7 21. Rd2 Nd8 22. a5 Bc6 23. Bxf6 Bxf6 24. Rad1 Nb7 25. Ng1 Qc7 26. Nh3 Red8 27. Nf2 Nxa5 28. Nxa5 Qxa5 29. Rxd6 Rxd6 30. Rxd6 Rd8 31. Rxd8+ Qxd8 32. Nd3 Qd4 33. Qe1 a5 34. b3 g6 35. fxg6 hxg6 36. h3 Kg7 37. Qf2 Qa1+ 38. Qg1 Qc3 39. Qc5 Qxc5 40. Nxc5 Bg5 41. Nd3 Kf6 42. Kg1 Ke6 43. Kf2 Kd6 44. Nb2 Kc5 45. Nc4 a4 46. Nxe5 a3 47. Nd3+ Kb5 48. c4+ bxc3 49. Ne1 a2 50. Nc2 Bc1 51. Ke2 Bb2 52. Ke3 Bd7 53. Be2+ Kc5 54. b4+ Kb6 55. Bc4 Ba4 56. Bxf7 Bxc2 57. Bxa2 Bxe4 58. Bb3 Bxg2 59. Bc2 g5 0-1

[Event "GER-ch U16 Girls"]
[Site "Willingen"]
[Date "2018.05.25"]
[Round "8"]
[White "Koenze, Heike"]
[Black "Fock, Amina"]
[Result "1-0"]
[WhiteElo "1794"]
[BlackElo "1746"]
[PlyCount "79"]
[EventDate "2018.05.19"]
[EventType "swiss"]
[EventRounds "9"]
[EventCountry "GER"]
[SourceTitle "CBM 184 Extra"]
[Source "ChessBase"]
[SourceDate "2018.06.28"]
[SourceVersion "1"]
[SourceVersionDate "2018.06.28"]
[SourceQuality "1"]

1. c4 e5 2. Nc3 Nc6 3. Nf3 Nf6 4. d3 h6 5. g3 Nd4 6. Bg2 Nxf3+ 7. Bxf3 Bc5 8. e3 d6 9. Bg2 c6 10. 0-0 0-0 11. Na4 Bf5 12. Qd2 Qe7 13. b4 Bb6 14. Nxb6 axb6 15. Bb2 Be6 16. Qc3 Nd7 17. a3 f5 18. Rfe1 Qf7 19. Re2 Qh5 20. Rae1 Nf6 21. c5 Rf7 22. cxd6 Nd7 23. Rd2 Qg6 24. b5 Rc8 25. d4 exd4 26. Rxd4 Nc5 27. bxc6 bxc6 28. Rb4 Nd7 29. Bxc6 Nb8 30. Rxb6 Nd7 31. Rb7 Nb8 32. Rc7 Rfxc7 33. dxc7 Rxc7 34. Be8 Rxc3 35. Bxg6 Rb3 36. Be5 Nd7 37. Bd6 Rd3 38. Bb4 Ne5 39. Bh5 Nc6 40. Rb1 1-0

[Event "GER-chT Lands U20"]
[Site "Hannover"]
[Date "2017.10.04"]
[Round "7.7"]
[White "Basovskiy, Jana"]
[Black "Koenze, Heike"]
[Result "1-0"]
[WhiteElo "1824"]
[BlackElo "1770"]
[PlyCount "139"]
[EventDate "2017.09.29"]
[EventType "team-swiss"]
[EventRounds "7"]
[EventCountry "GER"]
[SourceTitle "EXT 2018"]
[Source "ChessBase"]
[SourceDate "2017.10.13"]
[SourceVersion "1"]
[SourceVersionDate "2017.10.13"]
[SourceQuality "1"]
[WhiteTeam "Baden U20"]
[BlackTeam "Sachsen U20"]
[WhiteTeamCountry "GER"]
[BlackTeamCountry "GER"]

1. e4 c5 2. Nf3 d6 3. d4 cxd4 4. Nxd4 Nf6 5. Nc3 a6 6. Be2 e5 7. Nb3 Be7 8. 0-0 Be6 9. Be3 Nbd7 10. Qd2 b5 11. a3 0-0 12. f3 Nb6 13. Kh1 Rc8 14. Rfd1 Qc7 15. Rac1 h6 16. Bf1 Rfd8 17. Qf2 Nfd7 18. Nd5 Bxd5 19. exd5 Na4 20. c4 Ndc5 21. cxb5 a5 22. Nxa5 Nxb2 23. Qxb2 Qxa5 24. Bxc5 dxc5 25. Qxe5 Bf6 26. Qe3 Bd4 27. Qb3 Ra8 28. Rd3 Rd6 29. f4 Qd8 30. Be2 Qh4 31. g3 Qf6 32. a4 Qd8 33. Rc2 Qa5 34. Rc1 Qxa4 35. Bf3 Qa5 36. Rb1 Rb8 37. Rdd1 Kf8 38. Qd3 g6 39. f5 gxf5 40. Qxf5 Rxb5 41. Bh5 Bf6 42. Qh7 Bg7 43. Qf5 Bf6 44. Ra1 Qc7 45. Ra8+ Rb8 46. Rxb8+ Qxb8 47. Rb1 Qa8 48. Bf3 Bg7 49. Rc1 Qa6 50. Bg2 Bd4 51. Qf4 Rd8 52. Rf1 Qg6 53. Be4 Qg7 54. Bf5 Kg8 55. Be4 Kf8 56. Qc7 Bf6 57. Qxc5+ Be7 58. Qc7 Qg5 59. Qc4 Qg7 60. Bf5 Kg8 61. Qc7 Qg5 62. h4 Qe3 63. Be6 Qe4+ 64. Kg1 Ra8 65. Bxf7+ Kh8 66. Qf4 Bc5+ 67. Kh2 Ra2+ 68. Kh3 Qg2+ 69. Kg4 Qe2+ 70. Rf3 1-0

[Event "GER-ch U16 Girls"]
[Site "Willingen"]
[Date "2017.06.04"]
[Round "2"]
[White "Moenster, Madita"]
[Black "Koenze, Heike"]
[Result "1/2-1/2"]
[WhiteElo "1873"]
[BlackElo "1782"]
[PlyCount "66"]
[EventDate "2017.06.04"]
[EventType "swiss"]
[EventRounds "9"]
[EventCountry "GER"]
[SourceTitle "CBM 178 Extra"]
[Source "ChessBase"]
[SourceDate "2017.06.22"]
[SourceVersion "1"]
[SourceVersionDate "2017.06.22"]
[SourceQuality "1"]

1. e4 c5 2. Nf3 d6 3. d4 cxd4 4. Nxd4 Nf6 5. Nc3 a6 6. f3 e5 7. Nb3 Be7 8. Be3 Be6 9. Be2 Nbd7 10. 0-0 0-0 11. Qd2 Rc8 12. Rad1 Qc7 13. f4 exf4 14. Bxf4 Ne5 15. Bg5 Rfd8 16. Kh1 b5 17. Bd3 b4 18. Ne2 Nc4 19. Qc1 Ng4 20. Bxe7 Qxe7 21. Rf3 Qh4 22. Qf4 g5 23. Qg3 Qxg3 24. Nxg3 Nce5 25. Rff1 Ne3 26. Nd4 Nxd1 27. Rxd1 Bc4 28. Ngf5 Rd7 29. Bxc4 Nxc4 30. b3 Na3 31. Ne3 Kf8 32. Nd5 Rb7 33. Rf1 h6 1/2-1/2

[Event "GER-ch U14 Girls"]
[Site "Willingen"]
[Date "2016.05.15"]
[Round "1"]
[White "Abele, Anais"]
[Black "Koenze, Heike"]
[Result "1/2-1/2"]
[WhiteElo "1508"]
[BlackElo "1714"]
[PlyCount "61"]
[EventDate "2016.05.15"]
[EventType "swiss"]
[EventRounds "9"]
[EventCountry "GER"]
[SourceTitle "CBM 172 Extra"]
[Source "ChessBase"]
[SourceDate "2016.06.21"]
[SourceVersion "1"]
[SourceVersionDate "2016.06.21"]
[SourceQuality "1"]

1. e4 e6 2. d4 d5 3. Nd2 Nf6 4. e5 Nfd7 5. f4 c5 6. Ngf3 Nc6 7. Nb3 Qb6 8. c3 Be7 9. Be2 0-0 10. 0-0 f6 11. Kh1 a5 12. a4 Qa7 13. Qe1 Rb8 14. Bb5 cxd4 15. cxd4 Nb4 16. Qe2 b6 17. Bd2 Ba6 18. Bxb4 Bxb5 19. Qxb5 Bxb4 20. Qc6 Kf7 21. f5 exf5 22. e6+ Ke7 23. Qxd7+ Qxd7 24. exd7 Kxd7 25. Rac1 Rbc8 26. Rxc8 Rxc8 27. Rc1 Re8 28. Nbd2 Re3 29. Nf1 Re2 30. Rb1 f4 31. Kg1 1/2-1/2

[Event "GER-chT U20 Girls"]
[Site "Osnabrueck"]
[Date "2015.12.29"]
[Round "6.3"]
[White "Kobald, Jacqueline"]
[Black "Koenze, Heike"]
[Result "1-0"]
[WhiteElo "1434"]
[BlackElo "1679"]
[PlyCount "61"]
[EventDate "2015.12.27"]
[EventType "team-swiss"]
[EventRounds "7"]
[EventCountry "GER"]
[SourceTitle "EXT 2017"]
[Source "ChessBase"]
[SourceDate "2016.10.25"]
[SourceVersion "1"]
[SourceVersionDate "2016.10.25"]
[SourceQuality "1"]
[WhiteTeam "Stuttgart Wolfbusch"]
[BlackTeam "Grimma"]
[WhiteTeamCountry "GER"]
[BlackTeamCountry "GER"]

1. e4 c5 2. Nf3 d6 3. d4 cxd4 4. Nxd4 Nf6 5. Nc3 a6 6. Be2 e5 7. Nb3 Be6 8. 0-0 Be7 9. Kh1 0-0 10. f4 Nc6 11. f5 Bc8 12. g4 Nd7 13. Nd5 Nc5 14. Nxc5 dxc5 15. g5 Bxg5 16. Bxg5 Qxg5 17. Rg1 Qh4 18. Rg4 Qh6 19. Qg1 f6 20. Qg3 Rf7 21. Rh4 Qd2 22. Bh5 Rf8 23. Rg1 g5 24. fxg6 Qg5 25. gxh7+ Kh8 26. Qxg5 fxg5 27. Rxg5 Be6 28. Nc7 Bxa2 29. Nxa8 Rxa8 30. b3 Bb1 31. Bf7 1-0

[Event "GER-chT U20 Girls"]
[Site "Osnabrueck"]
[Date "2015.12.28"]
[Round "4.3"]
[White "Koenze, Heike"]
[Black "Gressmann, Hanna"]
[Result "1/2-1/2"]
[WhiteElo "1679"]
[BlackElo "1725"]
[PlyCount "96"]
[EventDate "2015.12.27"]
[EventType "team-swiss"]
[EventRounds "7"]
[EventCountry "GER"]
[SourceTitle "EXT 2017"]
[Source "ChessBase"]
[SourceDate "2016.10.25"]
[SourceVersion "1"]
[SourceVersionDate "2016.10.25"]
[SourceQuality "1"]
[WhiteTeam "Grimma"]
[BlackTeam "Weissensee Chemie U20 Girls"]
[WhiteTeamCountry "GER"]
[BlackTeamCountry "GER"]

1. e4 e5 2. Nf3 Nc6 3. d4 exd4 4. Nxd4 d6 5. Nc3 Nf6 6. Nxc6 bxc6 7. Bg5 Be7 8. Bc4 Bd7 9. 0-0 0-0 10. Bb3 Re8 11. Re1 h6 12. Bf4 Bf8 13. Qd3 Be6 14. Bg3 Bxb3 15. axb3 g6 16. Rad1 Bg7 17. Qa6 Qd7 18. e5 Nh5 19. exd6 Rxe1+ 20. Rxe1 cxd6 21. Qd3 Nxg3 22. Qxg3 d5 23. Na4 Re8 24. f3 Rxe1+ 25. Qxe1 Kf8 26. Kf1 Qb7 27. Qa5 Bf6 28. b4 Ke8 29. c3 Bd8 30. Nc5 Bxa5 31. Nxb7 Bb6 32. Nd6+ Ke7 33. Nc8+ Ke6 34. Nxb6 axb6 35. Ke2 Ke5 36. Ke3 g5 37. g3 h5 38. h3 f6 39. b3 f5 40. f4+ gxf4+ 41. gxf4+ Kd6 42. c4 dxc4 43. bxc4 Ke7 44. Kd4 Ke6 45. h4 Kd6 46. c5+ bxc5+ 47. bxc5+ Ke6 48. Kc4 Kd7 1/2-1/2

[Event "GER-chT U20 Girls"]
[Site "Osnabrueck"]
[Date "2015.12.28"]
[Round "3.3"]
[White "Wang, Yanru"]
[Black "Koenze, Heike"]
[Result "1/2-1/2"]
[WhiteElo "1490"]
[BlackElo "1679"]
[PlyCount "65"]
[EventDate "2015.12.27"]
[EventType "team-swiss"]
[EventRounds "7"]
[EventCountry "GER"]
[SourceTitle "EXT 2017"]
[Source "ChessBase"]
[SourceDate "2016.10.25"]
[SourceVersion "1"]
[SourceVersionDate "2016.10.25"]
[SourceQuality "1"]
[WhiteTeam "Karlsruhe"]
[BlackTeam "Grimma"]
[WhiteTeamCountry "GER"]
[BlackTeamCountry "GER"]

1. f4 g6 2. Nf3 Bg7 3. e3 d6 4. Be2 Nf6 5. 0-0 0-0 6. Nc3 c5 7. b3 Nc6 8. Bb2 b6 9. d3 Bb7 10. Qc1 Qc7 11. Ne4 Nxe4 12. Bxg7 Kxg7 13. dxe4 e5 14. f5 f6 15. c4 Ne7 16. Nd2 Qd7 17. g4 a6 18. Qe1 b5 19. Qh4 bxc4 20. bxc4 Rab8 21. Rf3 g5 22. Qh5 Qa4 23. Rh3 Rh8 24. Qh6+ Kf7 25. Qh5+ Kg8 26. Qh6 Rf8 27. Rg3 Qc2 28. Rd1 Kf7 29. h4 Rfg8 30. Qh5+ Kf8 31. Qh6+ Kf7 32. Qh5+ Kf8 33. Qh6+ 1/2-1/2

[Event "GER-chT U20 Girls"]
[Site "Naumburg Saale"]
[Date "2014.12.28"]
[Round "4.3"]
[White "Boehm, Jana"]
[Black "Koenze, Heike"]
[Result "1-0"]
[WhiteElo "1886"]
[BlackElo "1477"]
[PlyCount "67"]
[EventDate "2014.12.27"]
[EventType "team-swiss"]
[EventRounds "7"]
[EventCountry "GER"]
[SourceTitle "EXT 2016"]
[Source "ChessBase"]
[SourceDate "2015.10.08"]
[SourceVersion "1"]
[SourceVersionDate "2015.10.08"]
[SourceQuality "1"]
[WhiteTeam "Lehrte"]
[BlackTeam "Grimma"]
[WhiteTeamCountry "GER"]
[BlackTeamCountry "GER"]

1. e4 c5 2. Nf3 d6 3. d4 cxd4 4. Nxd4 Nf6 5. Nc3 a6 6. f3 e5 7. Nb3 Be6 8. Be3 Be7 9. Qd2 Nbd7 10. g4 0-0 11. 0-0-0 b5 12. Kb1 Nb6 13. Qf2 Nc4 14. Bxc4 bxc4 15. Na5 Qd7 16. g5 Ne8 17. Nd5 Bxd5 18. exd5 Qb5 19. Nc6 Bd8 20. Qd2 Nc7 21. Qb4 Qxb4 22. Nxb4 Rb8 23. Bd2 Rb7 24. Rhg1 a5 25. Nc6 Nxd5 26. Bxa5 Bxa5 27. Rxd5 Bc7 28. c3 Re8 29. Rg4 Rb6 30. Rxc4 Kf8 31. b4 Ra8 32. Nxe5 dxe5 33. Rxc7 Re6 34. Rdd7 1-0

[Event "GER-ch U12"]
[Site "Magdeburg"]
[Date "2014.06.09"]
[Round "3"]
[White "Wong, Gengchun"]
[Black "Koenze, Heike"]
[Result "0-1"]
[WhiteElo "1850"]
[BlackElo "1503"]
[PlyCount "120"]
[EventDate "2014.06.08"]
[EventType "swiss"]
[EventRounds "11"]
[EventCountry "GER"]
[SourceTitle "CBM 160 Extra"]
[Source "ChessBase"]
[SourceDate "2014.07.01"]
[SourceVersion "1"]
[SourceVersionDate "2014.07.01"]
[SourceQuality "1"]

1. e4 e5 2. d4 exd4 3. Nf3 Nc6 4. Nxd4 Nf6 5. Nxc6 bxc6 6. e5 Qe7 7. Qe2 Nd5 8. c4 Ba6 9. b3 g6 10. Bb2 Bg7 11. g3 0-0 12. Bg2 Rfe8 13. f4 d6 14. Qe4 f5 15. Qd3 Nb4 16. Qd2 dxe5 17. 0-0 e4 18. Bxg7 Kxg7 19. Re1 Rad8 20. Qc3+ Kg8 21. Nd2 Rd3 22. Qb2 Qg7 23. Qxg7+ Kxg7 24. Rac1 Rxd2 25. a3 Nd3 26. Rcd1 Nxe1 27. Rxd2 Nd3 28. b4 Bxc4 29. Rc2 Bd5 30. b5 c5 31. Bf1 c4 32. Be2 Rc8 33. Bd1 c6 34. bxc6 Rxc6 35. Kf1 Rb6 36. Ke2 Rb2 37. Rxb2 Nxb2 38. Bc2 Kf6 39. Ke3 Ke6 40. Kd4 Nd3 41. Bd1 h6 42. Be2 g5 43. fxg5 hxg5 44. h4 gxh4 45. gxh4 Kd6 46. h5 Nf4 47. h6 Nxe2+ 48. Ke3 Bg8 49. Kxe2 Ke5 50. a4 f4 51. a5 c3 52. a6 Kd4 53. h7 Bxh7 54. Kd1 Kd3 55. Ke1 c2 56. Kf2 c1Q 57. Kg2 e3 58. Kh2 e2 59. Kg2 e1Q 60. Kh3 Qg3# 0-1

[Event "GER-chT U14 Girls"]
[Site "Magdeburg"]
[Date "2013.12.28"]
[Round "4.3"]
[White "Giede, Anna Blume"]
[Black "Koenze, Heike"]
[Result "0-1"]
[WhiteElo "1273"]
[BlackElo "1471"]
[PlyCount "150"]
[EventDate "2013.12.27"]
[EventType "team-swiss"]
[EventRounds "4"]
[EventCountry "GER"]
[SourceTitle "EXT 2015"]
[Source "ChessBase"]
[SourceDate "2014.11.20"]
[SourceVersion "1"]
[SourceVersionDate "2014.11.20"]
[SourceQuality "1"]
[WhiteTeam "Harksheide"]
[BlackTeam "Grimma"]
[WhiteTeamCountry "GER"]
[BlackTeamCountry "GER"]

1. c4 e5 2. Nc3 Nf6 3. g3 c6 4. Bg2 d5 5. cxd5 cxd5 6. e3 Be7 7. Nge2 0-0 8. d4 Nc6 9. dxe5 Nxe5 10. Nxd5 Nxd5 11. Qxd5 Nd3+ 12. Kf1 Bb4 13. Qxd8 Rxd8 14. Nd4 Bc5 15. Nb3 Bb6 16. h3 Rd6 17. Ke2 Bd7 18. a4 Be6 19. Nd2 Rad8 20. Rd1 Ba5 21. Bxb7 Nxc1+ 22. Raxc1 Rxd2+ 23. Rxd2 Rxd2+ 24. Kf3 g6 25. h4 Rxb2 26. Bc6 Rd2 27. Rc5 Bb6 28. Rc3 Bd5+ 29. Bxd5 Rxd5 30. Rc8+ Kg7 31. Rc2 Rc5 32. Rd2 h5 33. Rb2 Rc4 34. Ra2 Ba5 35. Ke2 Rc5 36. Rb2 Rd5 37. Kf3 Kf6 38. Rc2 Ke6 39. Rc6+ Rd6 40. Rc5 Bb6 41. Rc2 Ke5 42. Rb2 Rf6+ 43. Ke2 Ke4 44. Rb4+ Kd5 45. Rb5+ Kc4 46. Rb2 Kc3 47. Rb5 Rf5 48. Rb1 Ra5 49. Rd1 Kb3 50. Rd7 Rf5 51. Rd1 Kxa4 52. Ra1+ Kb3 53. Rb1+ Kc2 54. Rd1 Ba5 55. Rd7 Bb6 56. Rd2+ Kb3 57. Rd3+ Kb4 58. Rd1 a5 59. Rb1+ Kc5 60. Rc1+ Kb5 61. Rb1+ Ka6 62. Ra1 Rb5 63. Ra2 Rb4 64. Kd2 a4 65. Kc3 Ka5 66. Ra3 Kb5 67. Kc2 Bd8 68. Kc3 Bf6+ 69. Kc2 Rb2+ 70. Kc1 Rb3 71. Ra2 Kb4 72. Kc2 a3 73. Kc1 Rb2 74. Rxb2+ Bxb2+ 75. Kc2 Bc3 0-1

[Event "GER-ch U10"]
[Site "Oberhof"]
[Date "2012.06.01"]
[Round "10"]
[White "Von Jan, Lena"]
[Black "Koenze, Heike"]
[Result "0-1"]
[WhiteElo "1003"]
[BlackElo "1172"]
[PlyCount "102"]
[EventDate "2012.05.27"]
[EventType "swiss"]
[EventRounds "11"]
[EventCountry "GER"]
[SourceTitle "CBM 148 Extra"]
[Source "ChessBase"]
[SourceDate "2012.06.22"]
[SourceVersion "1"]
[SourceVersionDate "2012.06.22"]
[SourceQuality "1"]

1. e4 e6 2. f4 d5 3. e5 c5 4. Nf3 Nc6 5. c3 Qa5 6. d3 Bd7 7. g3 Be7 8. Bg2 0-0-0 9. 0-0 f6 10. Bd2 Qc7 11. Qe2 h5 12. Kh1 fxe5 13. fxe5 Rf8 14. Qe1 Qd8 15. b4 cxb4 16. cxb4 h4 17. Kg1 hxg3 18. Qxg3 Nxb4 19. Bxb4 Bxb4 20. Qxg7 Nh6 21. Qg3 Nf5 22. Qf2 b6 23. Rc1+ Kb8 24. d4 Bb5 25. Nc3 Ba6 26. a3 Ba5 27. Ne2 Qe7 28. Rd1 Qg7 29. Ng3 Qh6 30. Nxf5 Rxf5 31. Qg3 Rff8 32. Rdb1 Rfg8 33. Qf2 Rg6 34. Rb3 Rhg8 35. Kh1 Rxg2 36. Qxg2 Rxg2 37. Kxg2 Qg6+ 38. Kh1 Qc2 39. Rab1 Bc3 40. h3 Bc4 41. Rxc3 Qxc3 42. Ng5 Qd2 43. Nxe6 Bd3 44. Kg1 Bxb1 45. h4 Be4 46. Kf1 Bf3 47. Nf4 Qxf4 48. Kf2 Bh5+ 49. Ke1 Qh2 50. Kf1 Bf3 51. Ke1 Qe2# 0-1